| 000 | 00444nam a2200193Ia 4500 | ||
|---|---|---|---|
| 008 | 170918s9999 xx 000 0 und d | ||
| 020 | _a9780545290340 | ||
| 050 | _bL965 2009 | ||
| 100 | _aLupica, Mike | ||
| 245 | _aMillion-dollar throw / | ||
| 245 | _cby Mike Lupica. | ||
| 260 | _aNew York : | ||
| 260 | _bScholastic, | ||
| 260 | _c2009 | ||
| 300 | _a244 pages : | ||
| 300 | _billustrations ; | ||
| 300 | _c19cm. | ||
| 500 | _a960 | ||
| 999 |
_c344010 _d344010 |
||